• 首页
  • 本馆介绍
  • 公告通知
  • 最新文献
  • 馆藏检索
  • 电子资源
  • 读者导购
  • 参考咨询
  • 我的图书馆
  • 登录
  • 详细信息显示
  • 放入我的书架
  • 预约/预借图书
  • 作者相关作品
  • 分类相关作品
  • 丛书相关作品
  • 出版社相关作品

书目信息

  • 表格格式
  • 工作单格式
  • 卡片格式
题名:
中西文化概论
    
 
作者: 田彬华 , 赵荣 主编
分册:  
出版信息: 北京   对外经济贸易大学出版社  2014
页数: 255页
开本: 23cm
丛书名: 高等院校通识课程规划教材
单 册:
中图分类: G04
科图分类:
主题词: 比较文化--Bi Jiao Wen Hua--中国--西方国家--高等学校--教材
电子资源:
ISBN: 978-7-5663-1192-4
000 01068nam 2200289 450
001 012001003673
005 20131014085546.0
010    @a978-7-5663-1192-4@dCNY32.00
099    @aCAL 012015010694
100    @a20150114d2014 em y0chiy50 ea
101 0  @achi
102    @aCN@b110000
105    @aa a 000yy
106    @ar
200 1  @a中西文化概论@AZhong Xi Wen Hua Gai Lun@f田彬华, 赵荣主编
210    @a北京@c对外经济贸易大学出版社@d2014
215    @a255页@c图@d23cm
225 2  @a高等院校通识课程规划教材@AGao Deng Yuan Xiao Tong Shi Ke Cheng Gui Hua Jiao Cai
320    @a有书目
330    @a本书主要内容包括觉悟与启示:中西方宗教思想比较、眼观--中西文学中的文化比较、行走的文化体验--中西旅游文化比较、身体的文化感受--中西服饰文化比较、时代语境下的中西文化交流等。
410  0 @12001@a高等院校通识课程规划教材
606 0  @a比较文化@ABi Jiao Wen Hua@y中国@y西方国家@x高等学校@j教材
690    @aG04@v4
701  0 @a田彬华@ATian Bin Hua@4主编
701  0 @a赵荣@AZhao Rong@4主编
801    @b江苏凤凰@c20191020
905    @b1233604-9@dG04@e128@f6
    
    中西文化概论/田彬华, 赵荣主编.-北京:对外经济贸易大学出版社,2014
    255页:图;23cm.-(高等院校通识课程规划教材)
    
    
    ISBN 978-7-5663-1192-4:CNY32.00
    本书主要内容包括觉悟与启示:中西方宗教思想比较、眼观--中西文学中的文化比较、行走的文化体验--中西旅游文化比较、身体的文化感受--中西服饰文化比较、时代语境下的中西文化交流等。
●
相关链接 在E读中查询图书 在五车中查询图书 在当当中查询图书 在豆瓣中查询图书


正题名:中西文化概论     索取号:G04/128         预约/预借

序号 登录号 条形码 馆藏地/架位号 状态 备注
1 1233604   212336042   第一样本阅览室/ [索取号:G04/128] 在馆    
2 1233605   212336051   第四借阅区/ [索取号:G04/128] 在馆    
3 1233606   212336060   第四借阅区/ [索取号:G04/128] 在馆    
4 1233607   212336079   教育系资料室/ [索取号:G04/128] 在馆    
5 1233608   212336088   教育系资料室/ [索取号:G04/128] 在馆    
6 1233609   212336097   教育系资料室/ [索取号:G04/128] 在馆    
唐山师范学院图书馆 欢迎您!
大连网信软件有限公司© 版权所有